000 00290nam a2200121Ia 4500
005 20260328101510.0
008 260328s9999||||xx |||||||||||||| ||und||
100 _aBanfi, Julia
245 0 _aLe Corbusier /
_cJulia Banfi
260 _bAstra-Arengarium
650 _aCorbusier, Le
942 _cBK
999 _c9179
_d9179